00597 2200229 4500001002100000005001500021035002000036008004100056245005800097100001800155250001100173260003700184300003000221020002200251084002000273082001400293650002000307990001000327990001000337990001000347990001000357INLIS00000000001203820260424110926 a0010-0426000009260424 g 1 ind 1 aLaki-laki yang tak berhenti menangis /cRusdi Mathari aRusdi Mathari aCet.11 aYogyakarta :bMojok Group,c2019 aviii, 115 hlm ;c13x19 cm a978-602-1318-80-5 a899.221 3 RUS l a899.221 3 4aFiksi Indonesia a58227 a58228 a58229 a58230